Numerical methods of Statistics
Saved in:
| Hovedforfatter: | |
|---|---|
| Format: | Bog |
| Sprog: | engelsk |
| Udgivet: |
Nueva York
Cambridge University Press
2011
|
| Udgivelse: | 2a. ed |
| Serier: | Cambridge Series in Statistical and Probabilistic Mathematics
|
| Fag: | |
| Tags: |
Tilføj Tag
Ingen Tags, Vær først til at tagge denne postø!
|
MARC
| LEADER | 00000cam a2200000 a 4500 | ||
|---|---|---|---|
| 001 | UCC6113 | ||
| 003 | CL-VaPUC | ||
| 008 | 181123e20110000us |||||||||||||||||eng|d | ||
| 020 | |a 9780521191586 | ||
| 082 | 0 | 4 | |a 519.5 |b MON |2 21 |
| 100 | |a Monahan, John F. |e autor |9 600537 | ||
| 245 | 1 | 0 | |a Numerical methods of Statistics |
| 250 | |a 2a. ed | ||
| 300 | |a 447 p | ||
| 942 | |c BK | ||
| 945 | |d 20181123 16:12:00 |a dcastane | ||
| 260 | |a Nueva York |b Cambridge University Press |c 2011 | ||
| 650 | 0 | |a Estadística aplicada |9 270522 | |
| 650 | 0 | |a Estadística matemática |9 260028 | |
| 650 | 0 | |a Análisis numérico |9 259387 | |
| 650 | 0 | |a Proceso de datos |9 259776 | |
| 583 | |a last modification |c 20181123 16:12:00 |k Rodrigo Vera | ||
| 490 | 0 | |a Cambridge Series in Statistical and Probabilistic Mathematics | |
| 999 | |c 373147 |d 373145 | ||
| 952 | |0 0 |1 0 |3 erb |4 0 |6 519_500000000000000_MON_2011 |7 0 |8 A |9 491123 |a BIBGIM |b BIBGIM |i 5516412 |o 519.5 MON 2011 |p 5516412 |r 2025-01-15 |w 2019-11-24 |y BK |z Catalogado en:20181123 |k EST | ||
| 952 | |0 0 |1 0 |3 erb |4 0 |6 519_500000000000000_MON_2011 |7 0 |8 A |9 491124 |a BIBGIM |b BIBGIM |i 5516404 |l 1 |o 519.5 MON 2011 |p 5516404 |r 2025-01-15 |s 2023-08-01 |w 2019-11-24 |y BK |z Catalogado en:20181123 |k EST | ||
| 952 | |0 0 |1 0 |3 erb |4 0 |6 519_500000000000000_MON_2011 |7 0 |8 A |9 491125 |a BIBGIM |b BIBGIM |i 5516390 |l 1 |m 3 |o 519.5 MON 2011 |p 5516390 |r 2025-01-15 |s 2023-08-10 |w 2019-11-24 |y BK |z Catalogado en:20181123 |k EST | ||
| 952 | |0 0 |1 0 |3 erb |4 0 |6 519_500000000000000_MON_2011 |7 0 |8 A |9 491126 |a BIBGIM |b BIBGIM |i 5516382 |o 519.5 MON 2011 |p 5516382 |r 2025-01-15 |w 2019-11-24 |y BK |z Catalogado en:20181123 |k EST | ||